Statistiques concernant Sortie des films Marvel

Cliquez ici pour prendre le quiz!

Statistiques générales

  • Ce quiz a été pris 83 fois
  • Le résultat moyen est 21 sur 39

Statistiques - réponses

HintRéponse% Correct
Les gardiens de la galaxie Vol. 32023
78%
Iron Man2008
76%
Avengers: Infinity War2018
72%
Le Faucon et le Soldat de l'Hiver2021
69%
Avengers: Endgame2019
68%
Doctor Strange in the Universe of Madness2022
66%
L'Incroyable Hulk2008
63%
Wandavision2021
63%
Black Widow2021
63%
Ant-Man et la Guêpe: Quantumania2023
63%
Les gardiens de la galaxie2014
62%
Doctor Strange2016
62%
Spider-Man: No Way Home2021
62%
Thor: Love and Thunder2022
62%
Avengers2012
60%
Loki2021
60%
Captain America: The First Avenger2011
56%
Hawkeye2021
56%
She Hulk2022
54%
Black Panther: Wakanda Forever2022
54%
Captain Marvel2019
53%
Miss Marvel2022
53%
Ant-Man2015
51%
Thor: Ragnarok2017
50%
Spider-Man: Far For Home2019
50%
Shang-Chi: La légende des dix anneaux2021
50%
Iron Man 32013
49%
Les Eternels2021
47%
Iron Man 22010
46%
Thor: Le monde des ténèbres2013
46%
Captain America: Civil War2016
46%
Avengers: L'ère d'Ultron2015
44%
Spider-Man: Homecoming2017
43%
Moon Knight2022
43%
Les gardiens de la galaxie Vol. 22017
41%
Captain America: Le soldat de l'hiver2014
40%
Thor2011
38%
Black Panther2018
31%
Ant-Man et la Guêpe2018
28%

Distribution des résultats

Percentile par nombre de réponses

% des personnes avec chaque résultat

Votre développement - résultats

Vous n’avez pas pris ce quiz